000 00294nam a22001217a 4500
008 180125b xxu||||| |||| 00| 0 eng d
041 _aeng
080 _a574
100 _a9
101 _aMJE
245 _aInformation resources on Swine Housing, Care and Welfare
_cSmith,C.P
942 _2udc
_cBK
999 _c40976
_d40976